000 005000000a22001930004500
001 002899
003 MACL
005 20150929115328.0
008 150929b xxu||||| |||| 00| 0 eng d
040 _aMACL
_cMACL
041 _aEnglish
082 _a891/BHA
100 _aBhardwaj, Mohan
_912602
245 _aRamkrishna Jha ' Kisun'
_bMakers Of Indian Literature
_cMohan Bhardwaj
260 _aDelhi
_c2006
_bSahitya Akademi,
350 _a25
650 _aLiterature
_912603
942 _k891
_cBK
_2ddc
999 _c14806
_d14806